000 01228nam0a22002771 4500
001 rc\946541
005 20041129095949.6
035 _a(NLR Aleph) 006118632
090 _a5436685
_c5436685
100 _a20041129d1982 u |0rusy50 ca
101 0 _arus
102 _aRU
105 _ay |||||||||
200 1 _aСоздание новой техники в лесном хозяйстве
_f[М.С. Метальников, Л.Н. Прохоров, П.Ф. Федоров]
210 _aМ.
_cЦБНТИ Гослесхоза СССР
_d1982
215 _a39 с.
_d21
225 1 _aОбзор по информационному обеспечению программы по решению научно-технических проблем
_eОбзор. информ.
_fГос. ком. СССР по лесн. хоз-ву ЦБНТИ
_vВып. 1
320 _aБиблиогр.: с. 37-38
700 1 _aМетальников
_bМ. С.
_gМихаил Семенович
701 1 _aПрохоров
_bЛ. Н.
_gЛеонид Николаевич
701 1 _aФедоров
_bП. Ф.
_gПетр Федорович
801 0 _aRU
_bNLR
_gpsbo
801 1 _aRU
_bELAR
_2rusmarc
852 _aNLR
_jП22/4842
942 _cBOOK
980 _aNB